[Event "Eger Agria op"]
[Site "Eger"]
[Date "1999.??.??"]
[Round "?"]
[White "Hidegh, Gabor"]
[Black "Dobai, Szabolcs"]
[Result "1/2-1/2"]
[WhiteElo "2060"]
[BlackElo "2085"]

1.e4 d6 2.d4 Nf6 3.Nc3 c6 4.f4 e5 5.dxe5 dxe5 6.Qxd8+ Kxd8 7.Bc4 Ke8 8.fxe5 Ng4
9.Nf3 Bc5 10.Ke2 b5 11.Nxb5 cxb5 12.Bd5 Ba6 13.Bxa8 b4+ 14.Ke1 Bf2+ 15.Kd1 Bc5
16.Bf4 Nf2+ 17.Kd2 Ke7 18.Rhd1 Rd8+ 19.Ke1 Nxd1 20.Rxd1 Bf2+ 21.Kxf2 Rxd1
22.Bd5 Nd7 23.Bd2 Nb6 24.Bxb4+ Ke8 25.Nd2 Rc1 26.Bb3 Bb5 27.Ke3 Rh1 28.c4 Bc6
29.c5 Nd7 30.Nf3 a5 31.Bxa5 Nxc5 32.Bd5 Bd7 33.Kd4 Ne6+ 34.Kc4 Rc1+ 35.Bc3 Rc2
36.Nd2 Rc1 37.b4 Nf4 38.Kb3 Nxg2 39.a4 Bxa4+ 40.Kb2 Rh1 41.Nc4 Rxh2 42.Ka3 Rh3
43.Kb2 Ne3 44.Nd6+ Kd7 45.Bd4 Nxd5 46.exd5 Rb3+ 47.Ka2 Rxb4 48.Bc5 Rb8 49.Ka3 Bb3
50.Ba7 Bxd5 51.Bxb8 g5 52.Nf5 h5 53.Kb4 h4 54.Ne3 Ke6 55.Kc3 Bf3 56.Kd2 h3
57.Nf1 Kf5 58.Ke3 Bg2 59.Nh2 Bd5 60.Kf2 Be6 61.Kg3 Ke4 62.Bc7 g4 63.Bd6  1/2-1/2

[Event "Tres Peons op"]
[Site "ESP"]
[Date "1999.??.??"]
[Round "7"]
[White "Rodriguez Martin, MM."]
[Black "Odena Penarroja, J."]
[Result "1-0"]
[WhiteElo "1980"]
[BlackElo "1780"]

1.e4 c6 2.d4 d6 3.Nc3 Nf6 4.Nf3 g6 5.Bd3 Bg7 6.Be3 Nbd7 7.Qd2 Ng4 8.Bf4 e5
9.dxe5 Ndxe5 10.Be2 O-O 11.O-O Qe7 12.Rad1 Rd8 13.h3 Nxf3+ 14.Bxf3 Ne5 15.Be2 Be6
16.Rfe1 Rd7 17.b3 Rad8 18.Be3 c5 19.f4 Nc6 20.Nd5 Bxd5 21.exd5 Nd4 22.Bd3 Qf6
23.f5 Nxf5 24.Bxf5 Qxf5 25.Rf1 Qe5 26.Qf2 Qe4 27.Kh1 b5 28.Bf4 Bd4 29.Qg3 Be5
30.Qf2 Bd4 31.Qd2 Rf8 32.c3 f6 33.Bh6 Rff7 34.Rde1 Bxc3 35.Rxe4  1-0

[Event "Euskadi-ch13"]
[Site "Euskadi"]
[Date "1999.??.??"]
[Round "2"]
[White "Miguel Quintero, Francisco"]
[Black "Nava Pereda, Carlos"]
[Result "1/2-1/2"]
[WhiteElo "2240"]
[BlackElo "2335"]

1.e4 d6 2.d4 Nf6 3.Nc3 c6 4.f4 Qa5 5.Bd3 e5 6.dxe5 dxe5 7.fxe5 Ng4 8.Be2 h5
9.h3 Nxe5 10.Nf3 Nxf3+ 11.Bxf3 Be6 12.Qe2 Bd6 13.Bd2 Bg3+ 14.Kd1 Qe5 15.Qe3 Qd6
16.Kc1 Nd7 17.Ne2 Be5 18.Rd1 Qc7 19.Bc3 Bxc3 20.Qxc3 Qe5 21.Nd4 O-O-O 22.b3 g5
23.Kb2 g4 24.hxg4 Bxg4 25.Bxg4 hxg4 26.Nf5 Qxc3+ 27.Kxc3 Ne5 28.Rh1 Kc7 29.Raf1 b5
30.Ne3 Rxh1 31.Rxh1 a5 32.a3 b4+ 33.axb4 axb4+ 34.Kxb4 Rd4+ 35.Kc3 Rxe4 36.Kd2 Rd4+  1/2-1/2

[Event "Open des Vins"]
[Site "FRA"]
[Date "1999.??.??"]
[Round "4"]
[White "Machenski, Jerome"]
[Black "Laporte, Damien"]
[Result "1-0"]
[WhiteElo "2045"]
[BlackElo "2370"]

1.e4 d6 2.d4 Nf6 3.Nc3 c6 4.g3 Nbd7 5.Bg2 e5 6.Nge2 Be7 7.O-O O-O 8.a4 Re8
9.h3 Bf8 10.Be3 Nb6 11.b3 g6 12.f4 exd4 13.Bxd4 Bg7 14.Qd2 d5 15.e5 Ne4 16.Nxe4 dxe4
17.Qc3 Nd5 18.Qb2 f5 19.exf6 Bxf6 20.Rad1 Bxd4+ 21.Qxd4 Qb6 22.Qxb6 axb6
23.Rd4 Ne3 24.Rc1 Nxg2 25.Kxg2 h5 26.Nc3 Bf5 27.g4 hxg4 28.hxg4 Bxg4 29.Nxe4 Kg7
30.Kg3 Be6 31.Nd6 Rh8 32.Re1 Rh3+ 33.Kg2 Bg4 34.Re7+ Kg8 35.f5 gxf5 36.Nxb7 Rc3
37.Rdd7 Rxc2+ 38.Kg3 Rc3+ 39.Kf4 Rf3+ 40.Kg5 Rh3 41.Nd8 Rh8 42.Re8+  1-0

[Event "FRA-chT 9899"]
[Site "FRA"]
[Date "1999.??.??"]
[Round "6"]
[White "Summerscale, Aaron"]
[Black "Belkhodja, Slim"]
[Result "1/2-1/2"]
[WhiteElo "2440"]
[BlackElo "2423"]

1.d4 d6 2.e4 Nf6 3.Nc3 Nbd7 4.Nf3 e5 5.Bc4 Be7 6.O-O O-O 7.a4 c6 8.Re1 a5
9.h3 h6 10.Ba2 Re8 11.Be3 Bf8 12.Nd2 Rb8 13.f4  1/2-1/2

[Event "FRA-chT 9899"]
[Site "FRA"]
[Date "1999.??.??"]
[Round "8"]
[White "Hinks Edwards, Thom"]
[Black "Bauer, Christian"]
[Result "0-1"]
[WhiteElo "2318"]
[BlackElo "2528"]

1.e4 d6 2.d4 Nf6 3.Nc3 Nbd7 4.Nf3 e5 5.Bc4 Be7 6.O-O O-O 7.Re1 c6 8.a4 b6
9.d5 cxd5 10.Nxd5 Bb7 11.b3 Rc8 12.Ba3 Bxd5 13.Bxd5 Nxd5 14.Qxd5 Rxc2 15.Bxd6 Bxd6
16.Qxd6 Nc5 17.Qxd8 Rxd8 18.Nxe5 f6 19.Nf3 Nxb3 20.Rab1 Nd2 21.Rb5 Rc4 22.Nxd2 Rxd2
23.a5 Rc5 24.Rxc5 bxc5 25.h4 Ra2 26.Rb1 Rxa5 27.Rb7 a6 28.Kf1 Rb5 29.Ra7 a5
30.Ke2 c4 31.Ke1 c3 32.f3 Rc5  0-1

[Event "FRA-chT 9899"]
[Site "FRA"]
[Date "1999.??.??"]
[Round "8"]
[White "Cursoux, Laurent"]
[Black "Philippe, Christophe"]
[Result "1-0"]
[WhiteElo "2230"]
[BlackElo "2254"]

1.e4 d6 2.d4 Nf6 3.Nc3 Nbd7 4.Nf3 e5 5.Be2 Be7 6.O-O O-O 7.h3 c6 8.a4 b6
9.Be3 Bb7 10.Nd2 exd4 11.Bxd4 c5 12.Bxf6 Nxf6 13.f4 d5 14.e5 Ne4 15.Ndxe4 dxe4
16.Qe1 Qd4+ 17.Kh2 Rad8 18.Qg3 Qd2 19.Rac1 Qd4 20.Rcd1 Qb4 21.b3 Bc6 22.Bc4 Rd4
23.Bd5 Rc8 24.Bxc6 Rxc6 25.Nd5 Rxd5 26.Rxd5 Rg6 27.Qe1 f5 28.exf6 Rxf6 29.Qxb4 cxb4
30.Re5 Bd6 31.Rxe4 g5 32.g3 h5 33.Kg2 gxf4 34.gxf4 Rg6+ 35.Kf3 h4 36.Re3 Bxf4
37.Re4 Bg5 38.Rg1 Kh7 39.Rxg5 Rxg5 40.Rxh4+ Kg6 41.Rg4 Rxg4 42.Kxg4 Kf6 43.Kf4  1-0

[Event "FRA-chT 9899"]
[Site "FRA"]
[Date "1999.??.??"]
[Round "9"]
[White "Weill, Roland"]
[Black "Mensch, Etienne"]
[Result "0-1"]
[WhiteElo "2217"]
[BlackElo "2249"]

1.e4 d6 2.d4 Nf6 3.Nc3 Nbd7 4.Nf3 e5 5.Bc4 Be7 6.O-O O-O 7.Re1 c6 8.a4 b6
9.h3 a6 10.Be3 Bb7 11.dxe5 dxe5 12.Nh4 g6 13.Bh6 Re8 14.Qf3 Bf8 15.Bg5 h6
16.Bxf6 Qxf6 17.Qxf6 Nxf6 18.Nxg6 Rad8 19.Nxf8 Kxf8 20.f3 Rd4 21.Bd3 Nd7
22.Ne2 Rb4 23.b3 b5 24.axb5 cxb5 25.Reb1 Nc5 26.Nc1 Rd4 27.b4 Na4 28.Ne2 Rd6
29.Kf2 Bc8 30.Ke3 Be6 31.Ra3 Rc8 32.Rba1 Rdc6 33.h4 Bc4 34.g3 Be6 35.f4 f6
36.f5 Bc4 37.g4 Kf7 38.Rg1 Bxd3 39.cxd3 Rc2 40.g5 hxg5 41.hxg5 fxg5 42.Rxg5 Rh8
43.Ra1 Rh2 44.Ng3 Nb2 45.Rh1 Nc4+ 46.Kf3 Rcf2+  0-1

[Event "Frankfurt sim"]
[Site "Frankfurt"]
[Date "1999.??.??"]
[Round "?"]
[White "Polgar, Judit"]
[Black "Zweschper, Erich"]
[Result "0-1"]
[WhiteElo "2675"]
[BlackElo "2110"]

1.e4 d6 2.d4 Nf6 3.Nc3 Nbd7 4.Be3 e5 5.Nf3 Be7 6.Qd2 c6 7.O-O-O Qc7 8.h3 a6
9.g4 h6 10.dxe5 dxe5 11.Rg1 b5 12.Bd3 a5 13.g5 hxg5 14.Rxg5 Rxh3 15.Qe2 g6
16.Bxb5 cxb5 17.Nxb5 Qc6 18.Nxe5 Nxe5 19.Rxe5 Bg4 20.f3 Bxf3 21.Qf1 Bxd1
22.Nd4 Qd6 23.Rxe7+ Qxe7 24.Qxh3 Bh5  0-1

[Event "Oberliga Nord O9899"]
[Site "GER"]
[Date "1999.??.??"]
[Round "?"]
[White "Rahls, Peter"]
[Black "Thal, Olaf"]
[Result "1/2-1/2"]
[WhiteElo "2205"]
[BlackElo "2280"]

1.e4 d6 2.Nc3 Nf6 3.d4 e5 4.Nf3 Nbd7 5.Bc4 Be7 6.O-O O-O 7.Re1 a6 8.Be3 b5
9.Bd5 Nxd5 10.Nxd5 c6 11.Nxe7+ Qxe7 12.Qd2 Nf6 13.Bg5 Bg4 14.Rad1 h6 15.Bh4 Rfe8
16.dxe5 dxe5 17.Qd6 Bxf3 18.gxf3 g5 19.Bg3 Rac8 20.h4 Qxd6 21.Rxd6 Kg7 22.hxg5 hxg5
23.Re3 b4 24.Kf1 Re7 25.Red3 Ne8 26.Rd7 Re6 27.Ra7 Rc7 28.Rxa6 Rb7 29.Ra8 f6
30.Rdd8 Kf7 31.Ke2 Ree7 32.Kd3 Nc7 33.Rf8+ Ke6 34.Rab8 Rd7+ 35.Kc4 Rd4+ 36.Kb3 Rxb8
37.Rxb8 Na6 38.c3 bxc3 39.bxc3 Nc5+ 40.Kc2 Rd3 41.a4 Rxf3 42.a5 Kd6 43.Rf8 Kc7
44.Bxe5+ Kb7 45.Rxf6 Rxf6 46.Bxf6 Nxe4 47.Bd4 Ka6 48.Kd3 Nd6 49.Be5 Nb7 50.Ke4 Kxa5
51.Kf5 Kb5 52.Kxg5 Kc5 53.f4 Kd5 54.Bg7 Nd6 55.f5 Ke4 56.f6 Nf7+ 57.Kg6 Ne5+
58.Kh7 Kf5 59.Kg8 Ke6 60.Kf8 Nf7 61.Ke8 c5 62.Bf8 Kxf6 63.Bxc5 Ke6 64.Bg1 Nd6+  1/2-1/2

[Event "Hessenliga 9899"]
[Site "GER"]
[Date "1999.??.??"]
[Round "?"]
[White "Fleuch, Hans Juergen"]
[Black "Voss, Edgar"]
[Result "1/2-1/2"]
[WhiteElo "2130"]
[BlackElo "2090"]

1.e4 d6 2.d4 Nf6 3.Nc3 c6 4.a4 Qa5 5.f3 e5 6.dxe5 dxe5 7.Be3 Be6 8.Ne2 Nbd7
9.Kf2 Rd8 10.Qc1 Bc4 11.g3 Bb4 12.Kg2 Bc5 13.Bxc5 Qxc5 14.Qe1 a5 15.Nc1 Bxf1+
16.Rxf1 O-O 17.Nb3 Qb4 18.Ne2 Qxe1 19.Rfxe1 b6 20.Red1 Nb8 21.Rxd8 Rxd8 22.Kf2 Kf8
23.Ke3 Na6 24.c3 Ne8 25.Nd2 Nd6 26.Nc1 f6 27.Nd3 c5 28.b3 Ke7 29.Nb2 Kd7
30.Ndc4 Nxc4+ 31.Nxc4 Kc6 32.f4 exf4+ 33.gxf4 Nc7 34.Rg1 g6 35.h4 Re8 36.Rd1 Re6
37.Kf3 Ne8 38.f5 gxf5 39.exf5 Re7 40.Kf4 Kc7 41.Ne3 Kc6 42.Nc4 Kc7 43.Ne3 Kc6  1/2-1/2

[Event "Oberliga Nord N9899"]
[Site "GER"]
[Date "1999.??.??"]
[Round "?"]
[White "Neukirch, Detlef"]
[Black "Pehlgrim, Andreas"]
[Result "1-0"]
[WhiteElo "2310"]
[BlackElo "2180"]

1.e4 d6 2.d4 Nf6 3.Nc3 c6 4.a4 Qa5 5.Bd2 e5 6.Nf3 Bg4 7.d5 Qc7 8.h3 Bh5 9.Bc4 a5
10.Qe2 Be7 11.O-O-O Nbd7 12.g4 Bg6 13.h4 Nc5 14.Ng5 Rc8 15.h5 Nfxe4 16.Ngxe4 Bxe4
17.Nxe4 Nxa4 18.h6 O-O 19.hxg7 Kxg7 20.Qe3 Rh8 21.Qh6+ Kg8 22.g5  1-0

[Event "Hessenliga 9899"]
[Site "GER"]
[Date "1999.??.??"]
[Round "?"]
[White "Schiffer, Steve"]
[Black "Reh, Philipp"]
[Result "1-0"]
[WhiteElo "2125"]
[BlackElo "2160"]

1.e4 d6 2.d4 Nf6 3.Nc3 c6 4.Nf3 Bg4 5.Be3 e6 6.a4 Be7 7.h3 Bh5 8.Bd3 d5 9.e5 Nfd7
10.Ne2 Bg6 11.O-O Bxd3 12.Qxd3 Qb6 13.Ng3 Qa6 14.Qd2 h6 15.Ne1 c5 16.c3 cxd4
17.cxd4 Nc6 18.f4 g6 19.Nd3 Na5 20.Qd1 Bh4 21.Kh2 Qb6 22.Ne2 Qb3 23.Qxb3 Nxb3
24.Ra3 Na5 25.Rc3 Nc4 26.Bc1 O-O 27.b3 Na5 28.Ba3 Rfc8 29.Rfc1 Rxc3 30.Rxc3 Bd8
31.Bd6 Nc6 32.b4 Rc8 33.b5 Ne7 34.Rxc8 Nxc8 35.Nc5 Nxc5 36.dxc5 Ba5 37.Kg3 Bd2
38.Kf3 Kg7 39.Nd4 Bc3 40.c6 b6 41.Nc2 f6 42.Ke3 f5 43.Kd3 Bb2 44.Bb4 g5 45.g3 gxf4
46.gxf4 Kg6 47.Ne1 Kh5 48.Nf3 Bc1 49.Bd2 Bb2 50.Be1 Bc1 51.Bg3 Bb2 52.Kc2 Ba1
53.Be1 d4 54.Kd3 Bb2 55.Bf2 Bc1 56.Bg3 Bb2 57.Nd2 Ba3 58.Kxd4 Kg6 59.Nc4 Bb4
60.Bh4 Kf7 61.Ke3 Bc5+ 62.Kf3 Bb4 63.Bf2 Ke7 64.Kg3 Kf7 65.Be3 Ke7 66.Bd2 Bc5
67.Bc1 Kd8 68.Kh4 Bf2+ 69.Kh5 Ne7 70.Kxh6 Nd5 71.Kg5 Ke7 72.h4 Kf7 73.Nd6+ Kg7
74.Ne8+ Kh7 75.c7 Nc3 76.Nf6+  1-0

[Event "Hessenliga 9899"]
[Site "GER"]
[Date "1999.??.??"]
[Round "?"]
[White "Kersting, Martin"]
[Black "Weil, Volker"]
[Result "0-1"]
[WhiteElo "2270"]
[BlackElo "2260"]

1.e4 d6 2.d4 Nf6 3.Nc3 c6 4.a4 Nbd7 5.Nf3 e5 6.Bc4 Be7 7.Bb3 O-O 8.O-O b6
9.Re1 a6 10.Qe2 Bb7 11.h3 b5 12.dxe5 dxe5 13.Bg5 Qc7 14.Nb1 Nc5 15.Nbd2 Rad8
16.Bxf6 Bxf6 17.Red1 Qe7 18.Nh2 Bc8 19.Nhf1 Bg5 20.Ne3 g6 21.f3 Qa7 22.Ndf1 Nxb3
23.cxb3 Be6 24.Rxd8 Rxd8 25.axb5 cxb5 26.Kh1 Bxb3 27.Ra3 Be6 28.Rd3 Rxd3
29.Qxd3 Qd4 30.Qe2 Kg7 31.Kh2 h5 32.g3 h4 33.g4 Bc4 34.Nxc4 bxc4 35.Kg2 a5
36.Qc2 Bf4 37.Qe2 c3 38.bxc3 Qxc3 39.Qa2 Qb4 40.Nh2 Bxh2 41.Kxh2 Qe1  0-1

[Event "NRW-Liga I 9899"]
[Site "GER"]
[Date "1999.??.??"]
[Round "6"]
[White "Spitzer, Erwin"]
[Black "Rost Van Tonningen, Otto"]
[Result "1-0"]
[WhiteElo "2020"]
[BlackElo "2280"]

1.e4 d6 2.d4 Nf6 3.Nc3 Nbd7 4.Be3 e5 5.d5 Be7 6.f3 O-O 7.Qd2 Ne8 8.O-O-O c5
9.g4 a6 10.Kb1 b5 11.Nce2 b4 12.Ng3 g6 13.h4 Ng7 14.h5 f6 15.Bh6 Rf7 16.hxg6 hxg6
17.Qh2 Kf8 18.f4 exf4 19.Bxf4 Ke8 20.Qh8+ Nf8 21.Qg8 Bxg4 22.Be2 Bxe2 23.N1xe2 Qd7
24.Bh6 Bd8 25.Nf4 Ra7 26.Rdg1 Bb6 27.Nxg6 c4 28.Nf5 Bxg1 29.Nxg7+ Kd8 30.Ne6+ Kc8
31.Ngxf8 Qa4 32.Ng6+ Kb7 33.Qxf7+ Kb6 34.Qf8 Bc5 35.Qd8+ Kb5 36.Nxc5 Kxc5
37.Be3+  1-0

[Event "GER-ch 11th Seniors"]
[Site "Germany"]
[Date "1999.??.??"]
[Round "?"]
[White "Niebling, Ferdinand"]
[Black "Richter, Gerhard"]
[Result "1/2-1/2"]
[WhiteElo "2220"]
[BlackElo "1910"]

1.e4 d6 2.d4 Nf6 3.Nc3 c6 4.f4 Qa5 5.e5 Ne4 6.Bd3 Nxc3 7.Qd2 g6 8.bxc3 Bf5
9.Bxf5 gxf5 10.Ne2 e6 11.O-O Nd7 12.Qd3 d5 13.Bd2 Qa4 14.Kh1 h5 15.Ng1 Be7
16.Be1 Nb6 17.Nf3 Nc4 18.Bh4 Na3 19.Bxe7 Kxe7 20.Rf2 Nc4 21.Nh4 Rag8 22.h3 b5
23.Kh2 Nb2 24.Qe2 Qa5 25.Rf3 Nc4 26.Qe1 Qa3 27.Rf2 a5 28.Re2 Rh6 29.Nf3 Kd7
30.Ng5 Ke8 31.Rf2 Nb2 32.Rf3 Nc4  1/2-1/2

[Event "GER-ch 11th Seniors"]
[Site "Germany"]
[Date "1999.??.??"]
[Round "?"]
[White "Maugg, Ludwig"]
[Black "Braun, Gottfried"]
[Result "1-0"]
[WhiteElo "2160"]
[BlackElo "2310"]

1.d4 d6 2.e4 Nf6 3.Nc3 e5 4.Nf3 exd4 5.Nxd4 Be7 6.Bf4 O-O 7.Qd2 Nc6 8.O-O-O Nxd4
9.Qxd4 Be6 10.Kb1 Nd7 11.Nd5 Bxd5 12.Qxd5 Bf6 13.Bc1 Qe7 14.f3 a6 15.g4 Nb6
16.Qd2 g6 17.h4 Bh8 18.h5 Qf6 19.f4 Rfe8 20.g5 Qe7 21.Bd3 Rad8 22.Qh2 c5
23.c3 c4 24.Bc2 Nd7 25.hxg6 fxg6 26.Rxd6 Nf8 27.Rxd8 Rxd8 28.e5 b5 29.Be3 Qf7
30.Rd1 Rxd1+ 31.Bxd1 Ne6 32.Qd2 Bg7 33.Bg4 Bf8 34.Qd5 Nc5 35.Bf3 Ne6 36.Bg4 Nc5
37.Qxf7+ Kxf7 38.Kc2 Ne6 39.b3 cxb3+ 40.axb3 Nc7 41.Bf3 h6 42.gxh6 Bxh6 43.Kd3 Bf8
44.Bb6 Ne6 45.Bd5 Ke7 46.Ke4 Kd7 47.f5 gxf5+ 48.Kxf5 Nc5 49.Kf6 Nd3 50.Bd4 Be7+
51.Kf7 Bg5 52.b4 Bd8 53.Bb7 Nxe5+ 54.Bxe5 a5 55.Bd5 axb4 56.cxb4 Bb6 57.Be6+ Kc6
58.Bc3 Be3 59.Bb3 Bf2 60.Ke6 Be3  1-0

[Event "BL2-West 9900 (Women)"]
[Site "Germany"]
[Date "1999.??.??"]
[Round "?"]
[White "Jap Tjoen San, Linda"]
[Black "Limbach, Renate"]
[Result "0-1"]
[WhiteElo "2211"]
[BlackElo "2145"]

1.e4 d6 2.d4 Nf6 3.Nc3 e5 4.Nf3 Nbd7 5.Bc4 Be7 6.dxe5 Nxe5 7.Nxe5 dxe5 8.Qxd8+ Bxd8
9.Bg5 Be6 10.Bxe6 fxe6 11.f3 Be7 12.O-O-O Nd7 13.Be3 O-O-O 14.Kb1 h6 15.b3 a6
16.Na4 b6 17.Nb2 Nb8 18.c3 Rxd1+ 19.Nxd1 Rd8 20.Kc2 Nc6 21.h4 Rf8 22.Rh3 Rf7
23.Nf2 Bf8 24.h5 Nd8 25.Nd3 Nc6 26.a4 Be7 27.b4 Bf6 28.Rg3 Rd7 29.Bc1 Kd8
30.Bb2 Kc8 31.Rg4 Kd8 32.g3 Ke8 33.f4 exf4 34.gxf4 e5 35.b5 axb5 36.axb5 Na5
37.Nxe5 Bxe5 38.fxe5 Nc4 39.e6 Rd2+  0-1

[Event "GER-ch 11th Seniors"]
[Site "Germany"]
[Date "1999.??.??"]
[Round "?"]
[White "Rosen, Willy"]
[Black "Ladstetter, Josef"]
[Result "1-0"]
[WhiteElo "2280"]
[BlackElo "1940"]

1.e4 c6 2.d4 d6 3.Nc3 Nf6 4.Bg5 Nbd7 5.Nf3 Qc7 6.Qd2 e5 7.a4 Be7 8.Bc4 O-O
9.O-O Nb6 10.Bb3 Bg4 11.a5 Nbd7 12.Ne1 exd4 13.Qxd4 Be6 14.Bxe6 fxe6 15.Nd3 Kh8
16.Bh4 b5 17.axb6 Qxb6 18.Qa4 Nc5 19.Nxc5 Qxc5 20.Qb3 d5 21.exd5 exd5 22.Ra6 Rfb8
23.Qa2 Rb4 24.Bg3 d4 25.Nd1 Nd5 26.c3 dxc3 27.bxc3 Rb7 28.Qa4 Nb6 29.Qa2 Bf6
30.Bf4 Nd5 31.Bd2 Nb6 32.Ne3 Rd7 33.Rb1 Nd5  1-0

[Event "SWZ-ch m"]
[Site "Graechen"]
[Date "1999.??.??"]
[Round "?"]
[White "Gallagher, Joseph G"]
[Black "Ekstroem, Roland"]
[Result "0-1"]
[WhiteElo "2519"]
[BlackElo "2498"]

1.e4 d6 2.d4 Nf6 3.Nc3 e5 4.Nf3 exd4 5.Nxd4 Be7 6.Be2 O-O 7.O-O a6 8.a4 c5
9.Nf3 Nc6 10.Bg5 h6 11.Bh4 Nxe4 12.Nxe4 Bxh4 13.Nxd6 Be7 14.Nxc8 Rxc8 15.c3 Qxd1
16.Raxd1 Rfd8 17.Bc4 Rxd1 18.Rxd1 Rd8 19.Rxd8+ Nxd8 20.Bd5 Kf8 21.Kf1 Bd6
22.Ke2 Ke7 23.Kd3 b5 24.axb5 axb5 25.c4 b4 26.Ke4 g6 27.g4 Ne6 28.h4 Nf4
29.Nd2 h5 30.g5 Ne2 31.Nb3 Nf4 32.Na5 Ng2 33.Nb7 Nxh4 34.Bxf7 Bh2 35.Bd5 Bd6
36.Bg8 Nf5 37.Kd5 h4 38.Be6 h3 39.Bxf5 gxf5 40.Nxd6 f4 41.Nf5+ Kf8 42.g6 h2
43.Ke6 h1=Q 44.g7+ Kg8 45.Kf6 Qc6+ 46.Kg5 Qe6 47.b3 f3 48.Kf4 Kh7 49.Kg5 Qe5
50.Kg4 Qc3 51.Kg5 Qxb3 52.Kf6 Qc3+ 53.Kf7 Qxc4+ 54.Kf8 b3  0-1

[Event "Helsinki  zt (Women)"]
[Site "Helsinki"]
[Date "1999.??.??"]
[Round "6"]
[White "Koskela, Niina"]
[Black "Agrest, Svetlana"]
[Result "1/2-1/2"]
[WhiteElo "2213"]
[BlackElo "2211"]

1.e4 d6 2.d4 Nf6 3.Nc3 e5 4.Nf3 Nbd7 5.Bc4 Be7 6.O-O O-O 7.Re1 c6 8.a4 b6
9.d5 cxd5 10.Bxd5 Rb8 11.Nd2 a6 12.Qe2 Qc7 13.Nf1 Nc5 14.Bg5 Ne8 15.Bd2 Ne6
16.Be3 Qd8 17.Red1 Bg5 18.Bc4 Bxe3 19.fxe3 N6c7 20.Rd2 Qg5 21.Qd3 Qh6 22.Rf2 Ne6
23.Ng3 Nc5 24.Qd2 Be6 25.Nf5 Bxf5 26.Rxf5 Nf6 27.Raf1 Ng4 28.h3 Qxe3+ 29.R5f2 Qxd2
30.Rxd2 Ne3 31.b3 Nxf1 32.Kxf1 b5 33.axb5 axb5 34.Bxb5 Nxe4 35.Nxe4 Rxb5
36.Rxd6 f5 37.Nd2 Kf7 38.Ke2 Ke7 39.Ra6 Rd8 40.Nc4 Rc5 41.Ne3 g6 42.c4 Rb8
43.Nd5+ Rxd5 44.cxd5 Kd7 45.Ra7+ Kd6 46.Rxh7 Rxb3 47.Ra7 Kxd5 48.Ra5+ Kd4
49.Ra4+ Kc5 50.Ra5+ Rb5 51.Ra6 Rb6 52.Ra5+ Kd6 53.g4 Ke6 54.Ra3 Kf6 55.Kf3 Kg5
56.Kg3 fxg4 57.Re3 Re6 58.h4+ Kf5 59.Re1 e4 60.Rf1+ Ke5 61.Kxg4 e3 62.Ra1 e2
63.Kf3 Kd4 64.Kf2 Kc3 65.Ke1 Kd3 66.Ra3+ Kd4 67.Ra5 Ke3 68.h5 Rb6 69.Ra3+ Kf4  1/2-1/2

[Event "HUN-chT9899"]
[Site "HUN"]
[Date "1999.??.??"]
[Round "?"]
[White "Medvegy, Zoltan"]
[Black "Somlai, Laszlo"]
[Result "1/2-1/2"]
[WhiteElo "2350"]
[BlackElo "2340"]

1.e4 d6 2.d4 Nf6 3.Nc3 e5 4.Nf3 Nbd7 5.Bc4 Be7 6.O-O O-O 7.Re1 c6 8.a4 b6
9.d5 Bb7 10.b3 a6 11.Ba3 Qc7 12.dxc6 Bxc6 13.Nd5 Bxd5 14.Bxd5 Nxd5 15.Qxd5 Nf6
16.Qd3 b5 17.axb5 axb5 18.Nd2 Rfd8 19.Qxb5 Qxc2 20.Qe2 Qc6 21.Nc4 Qb7 22.Rab1 Bf8
23.Bc1 Nxe4 24.Qxe4 Qxe4 25.Rxe4 d5 26.Re1 dxc4 27.bxc4 Rac8 28.Bb2 Rxc4  1/2-1/2

[Event "HUN-chT29899"]
[Site "HUN"]
[Date "1999.??.??"]
[Round "?"]
[White "Hargittai, Szabolcs"]
[Black "Rozsa, Peter"]
[Result "0-1"]
[WhiteElo "2225"]
[BlackElo "2150"]

1.e4 d6 2.d4 Nf6 3.Nc3 e5 4.dxe5 dxe5 5.Qxd8+ Kxd8 6.Bc4 Be6 7.Bxe6 fxe6
8.Bg5 a6 9.f4 Nc6 10.Nf3 Bd6 11.O-O-O Ke7 12.f5 Bb4 13.Ne2 Rad8 14.g4 Rd6
15.Ng3 Rhd8 16.h4 Rxd1+ 17.Rxd1 Rxd1+ 18.Kxd1 Bd6 19.c3 Kf7 20.Bxf6 gxf6
21.g5 exf5 22.exf5 Ne7 23.Nd2 Nd5 24.Nde4 Be7 25.Ke2 b6 26.Kf3 Nf4 27.c4 Nd3
28.b3 Nc1 29.Nc3 fxg5 30.h5 c6 31.Ke3 b5 32.Kd2 b4 33.Kxc1 bxc3 34.Kc2 g4
35.Kxc3 Bh4 36.Nf1 Bf2 37.Kd2 Kf6 38.Ke2 g3 39.Kf3 Kxf5 40.Nxg3+ Bxg3 41.Kxg3 Ke4
42.Kf2 Kd3 43.h6 e4 44.Ke1 Kc3  0-1

[Event "HUN-chT9899"]
[Site "HUN"]
[Date "1999.??.??"]
[Round "?"]
[White "Cosma, Ioan"]
[Black "Varga, Zoltan"]
[Result "1/2-1/2"]
[WhiteElo "2475"]
[BlackElo "2565"]

1.d4 d6 2.e4 Nf6 3.Nc3 e5 4.dxe5 dxe5 5.Qxd8+ Kxd8 6.Bc4 Be6 7.Bxe6 fxe6
8.f3 Bd6 9.Be3 Nc6 10.O-O-O Ke7 11.Nh3 a6 12.Nf2 b5 13.Kb1 h6 14.Ne2 Nh5
15.Nd3 g5 16.g3 Raf8 17.Rdf1 Nf6 18.g4 Kf7 19.h4 Kg6 20.Ng3 Be7 21.hxg5 hxg5
22.c3 Rh4  1/2-1/2

[Event "Kiev-ch"]
[Site "Kiev"]
[Date "1999.??.??"]
[Round "4"]
[White "Simkin, Y."]
[Black "Vinitsky, Igor"]
[Result "1/2-1/2"]
[WhiteElo "2371"]
[BlackElo "2222"]

1.e4 d6 2.d4 Nf6 3.Nc3 c6 4.f4 Qa5 5.Qf3 e5 6.dxe5 dxe5 7.f5 b5 8.Bd2 b4
9.Nd1 c5 10.Ne3 Bb7 11.Bd3 Nc6 12.c3 O-O-O 13.Nc4 Qc7 14.Nh3 h6 15.Nf2 Be7
16.Ne3 Rd7 17.Bc4 Rhd8 18.Rd1 Bf8 19.Qe2 bxc3 20.bxc3 Na5 21.Ba6 c4 22.Bb5 Rd6
23.Nxc4 Nxc4 24.Bxc4 Rb6 25.Be3 Rxd1+ 26.Nxd1 Bc5 27.Bd3 Bxe3 28.Qxe3 Rd6
29.O-O Qb6 30.Qxb6 axb6 31.Nf2 Rc6 32.Rc1 Rc5 33.Kf1 Kc7 34.Ke2 Ne8 35.Kd2 Nd6
36.Rb1 f6 37.Rb4 Ra5 38.Bb1 Ba6 39.a4 Nc4+ 40.Kc1 Ne3 41.g4 Rc5 42.Bd3 Bxd3
43.Nxd3 Rc6 44.h3 Nc4 45.Kc2 Nd6 46.Nb2 Nf7 47.h4 Nd6 48.Kd3 Nb7 49.Kd2 Nd6
50.Kd3 Nb7 51.Rc4 Nc5+ 52.Ke3 Kb7 53.Nd3 Nb3 54.Rxc6 Kxc6 55.Nb4+ Kb7 56.Nd3 Kc6
57.Ke2 Kd6 58.Kd1 Na5 59.Kd2 Nc4+ 60.Ke2 Na5 61.Nb2 Nb3 62.Kd3 Nc5+ 63.Ke3 Kc6
64.Kf3 Nb3 65.g5 Nd2+ 66.Ke3 Nf1+ 67.Ke2 Ng3+ 68.Kf3 Nf1  1/2-1/2

[Event "Kiev-ch"]
[Site "Kiev"]
[Date "1999.??.??"]
[Round "5"]
[White "Khaskelman, Evgeny"]
[Black "Grechanovskaya, Elena"]
[Result "1-0"]
[WhiteElo "2161"]
[BlackElo "2168"]

1.e4 d6 2.d4 Nf6 3.Nc3 e5 4.Nf3 Nbd7 5.Bc4 Be7 6.dxe5 dxe5 7.Bxf7+ Kxf7 8.Ng5+ Kg8
9.Ne6 Qe8 10.Nxc7 Qg6 11.Nxa8 Qxg2 12.Rf1 b5 13.Nc7 Bb7 14.Be3 b4 15.N3d5 Nxd5
16.Nxd5 Ba6 17.Nxe7+ Kf8 18.Kd2 Bxf1 19.Qxf1 Qxf1 20.Rxf1 Kxe7 21.Rd1 a6
22.Ke1 Rc8 23.Rd5 Rc6 24.Ra5 Kd6 25.Kd1 Kc7 26.Ra4 Rg6 27.Ke2 Rg2 28.Rxa6 Rxh2
29.Ra4 h5 30.Rxb4 h4 31.Ra4 h3 32.Ra8 Nb8 33.Ra7+ Kd6 34.Rxg7 Nc6 35.c3 Rh1
36.Rh7 h2 37.b4 Nd8 38.Kf3 Ra1 39.Rxh2 Rxa2 40.c4 Rc2 41.c5+ Kc6 42.Rh6+ Kc7
43.Rh7+ Kc6 44.Rh6+ Kc7 45.b5 Nb7 46.Rc6+  1-0

[Event "Kiev-ch"]
[Site "Kiev"]
[Date "1999.??.??"]
[Round "6"]
[White "Kosikov, Alexey I"]
[Black "Oglobilia, Alexander"]
[Result "1-0"]
[WhiteElo "2476"]
[BlackElo "2259"]

1.e4 Nf6 2.Nc3 d6 3.d4 c6 4.f3 g6 5.Be3 Bg7 6.Qd2 Qa5 7.h4 h5 8.Bc4 b5 9.Bb3 Nbd7
10.Nge2 Bb7 11.O-O b4 12.Na4 Nb6 13.a3 Qb5 14.Nxb6 axb6 15.axb4 d5 16.Rxa8+ Bxa8
17.e5 Nd7 18.Ra1  1-0

[Event "Kiev-ch"]
[Site "Kiev"]
[Date "1999.??.??"]
[Round "11"]
[White "Gerasimchuk, Oleg"]
[Black "Vinitsky, Igor"]
[Result "0-1"]
[WhiteElo "2371"]
[BlackElo "2222"]

1.e4 d6 2.d4 Nf6 3.Nc3 c6 4.a4 g6 5.g3 Bg7 6.Bg2 O-O 7.Nge2 e5 8.h3 Nbd7
9.Be3 exd4 10.Bxd4 Ne5 11.O-O Be6 12.f4 Ned7 13.b3 Qa5 14.Qd2 Nc5 15.Rad1 Rad8
16.f5 Bc8 17.Bxf6 Bxf6 18.Nd5 Qxd2 19.Nxf6+ Kg7 20.Rxd2 Kxf6 21.fxg6+ Kxg6
22.Rfd1 Be6 23.Rxd6 Rxd6 24.Rxd6 Kf6 25.Rd2 Rg8 26.Kf2 Ke5 27.Nc3 a5 28.h4 h6
29.Bf3 Bh3 30.Rd1 Be6 31.Rg1 Rd8 32.Ke3 Bxb3 33.Bd1 Nxa4 34.Nxa4 Bxa4 35.Rf1 Ke6
36.Bg4+ Ke7 37.Bh5 f6 38.e5 Rf8 39.Ra1 b5 40.Bf3 fxe5 41.Bxc6 Rc8 42.Be4 Rc3+
43.Kf2 Bxc2 44.Rc1 Rc4 45.Bd5 Rd4 46.Bc6 Bd3 47.Ke3 Kd6 48.Be8 Bc4 49.Rg1 a4
50.g4 a3 51.g5 hxg5 52.hxg5 a2 53.g6 Rg4 54.Ra1 Ke7 55.Bf7 Bxf7 56.gxf7 Ra4  0-1

[Event "Kiev-ch"]
[Site "Kiev"]
[Date "1999.??.??"]
[Round "11"]
[White "Prudnikov, Vladimir"]
[Black "Grechanovskaya, Elena"]
[Result "0-1"]
[WhiteElo "2070"]
[BlackElo "2168"]

1.e4 d6 2.d4 Nf6 3.Nc3 e5 4.dxe5 dxe5 5.Qxd8+ Kxd8 6.Bg5 Be6 7.O-O-O+ Kc8
8.g3 Bc5 9.Nh3 Ng4 10.f3 Ne3 11.Bxe3 Bxe3+ 12.Kb1 f6 13.f4 Nd7 14.Nd5 Bc5
15.Bg2 c6 16.Nc3 Kc7 17.Na4 Be7 18.Nf2 b5 19.Nc3 Nb6 20.b3 a5 21.Bf3 a4 22.Nd3 Bd6
23.Rd2 Rhb8 24.Rhd1 Nc4 25.Re2 Nb6 26.Red2 Nc4 27.Re2 Nb6 28.Red2 Rd8 29.fxe5 fxe5
30.Nb2 Rd7 31.Be2 a3 32.Nd3 b4 33.Na4 Rxa4 34.bxa4 Nxa4 35.Rf1 Nc3+ 36.Ka1 Nxe4
37.Rdd1 Nc3 38.Rde1 e4 39.Nf4 Bxa2 40.Bg4 Re7 41.Re3 Bc4 42.Rfe1 Be5 43.Nd3 Bd4
44.Nxb4 Nd1+ 45.Kb1 Nxe3 46.Bd1 Nxd1 47.Rxd1 c5 48.Na2 Bxa2+ 49.Kxa2 e3  0-1

[Event "Klatovy op-A"]
[Site "Klatovy"]
[Date "1999.??.??"]
[Round "4"]
[White "Shurygin, Sergey"]
[Black "Volak, Michal"]
[Result "1/2-1/2"]
[WhiteElo "2405"]
[BlackElo "2180"]

1.e4 d6 2.d4 Nf6 3.Nc3 c6 4.g3 e5 5.Bg2 Be7 6.h3 b5 7.Be3 Bb7 8.a3 Nbd7 9.Nf3 a6
10.O-O Qc7 11.Re1 O-O 12.Nh4 g6 13.Nf3 Ne8 14.Qe2 Ng7 15.Rad1 Rad8 16.h4 Bc8
17.Bg5 Nf6 18.a4 b4 19.Nb1 Ng4 20.dxe5 dxe5 21.Nbd2 f6 22.Be3 Nxe3 23.Qxe3 Bg4
24.Nc4 Ne6 25.Rxd8 Rxd8 26.Nh2 Bc5 27.Qc1 h5  1/2-1/2